000 01143nabaa22002057a 4500
999 _c6293
_d6293
003 OSt
005 20260129010514.0
008 190701b xxu||||| |||| 00| 0 spa d
040 _cPJ
100 _918
_aCassagne, Juan Carlos
245 1 3 _aEl estado populista y la teoría de la razón populista /
_cJuan Carlos Cassagne.
300 _ap. 188-195
500 _aCita: TR LALEY AR/DOC/446/2025
505 _aSumario: I. Introducción.— II. La irrupción del Estado populista.— III. La teoría de la razón populista.— IV. Consecuencias de la adopción del modelo del socialismo del siglo XXI.— V. Perspectivas políticas.— VI. La justicia social y sus límites.— VII. La enfermedad populista y las técnicas que se utilizan.— VIII. La necesidad de lograr consensos y reafirmar una justicia independiente.
505 _t¿Te interesa el texto completo? Comunicate al correo: koha@justierradelfuego.gov.ar
650 0 _9211
_aDERECHO ADMINISTRATIVO
650 0 _95541
_aESTADO
773 0 _02842
_93251
_dBuenos Aires : AbeledoPerrot, 2012-
_oDA121
_tDerecho administrativo. Nº 158 marzo/abril 2025
_z18510590
942 _2udc
_cANA